<?xml version="1.0" encoding="UTF-8"?>
<collection xmlns="http://www.loc.gov/MARC21/slim">
 <record>
  <leader>02596nam a22005411  4500</leader>
  <controlfield tag="001">1/21601</controlfield>
  <controlfield tag="008">020225s19821989enk      e      11  eng d</controlfield>
  <datafield tag="020" ind1=" " ind2=" ">
   <subfield code="a">0471055468 (v. 1)</subfield>
  </datafield>
  <datafield tag="020" ind1=" " ind2=" ">
   <subfield code="a">0471055476 (v. 2)</subfield>
  </datafield>
  <datafield tag="020" ind1=" " ind2=" ">
   <subfield code="a">0471055492 (v. 3)</subfield>
  </datafield>
  <datafield tag="020" ind1=" " ind2=" ">
   <subfield code="a">0471055514 (v. 4)</subfield>
  </datafield>
  <datafield tag="020" ind1=" " ind2=" ">
   <subfield code="a">0471055522 (v. 5)</subfield>
  </datafield>
  <datafield tag="020" ind1=" " ind2=" ">
   <subfield code="a">0471055530 (v. 6)</subfield>
  </datafield>
  <datafield tag="020" ind1=" " ind2=" ">
   <subfield code="a">0471055557 (v. 7)</subfield>
  </datafield>
  <datafield tag="020" ind1=" " ind2=" ">
   <subfield code="a">0471055565 (v. 8)</subfield>
  </datafield>
  <datafield tag="020" ind1=" " ind2=" ">
   <subfield code="a">0471854743 (v. 9)</subfield>
  </datafield>
  <datafield tag="020" ind1=" " ind2=" ">
   <subfield code="a">0471812749 (suppl. vol.)</subfield>
  </datafield>
  <datafield tag="035" ind1=" " ind2=" ">
   <subfield code="l">22269</subfield>
  </datafield>
  <datafield tag="040" ind1=" " ind2=" ">
   <subfield code="a">GR-PeUP</subfield>
  </datafield>
  <datafield tag="082" ind1="0" ind2="0">
   <subfield code="a">519.5'03 EN</subfield>
  </datafield>
  <datafield tag="090" ind1=" " ind2=" ">
   <subfield code="a">R 519.5'03 EN</subfield>
  </datafield>
  <datafield tag="245" ind1="1" ind2="0">
   <subfield code="a">Encyclopedia of statistical sciences /</subfield>
   <subfield code="c">editors-in-chief, Samuel Kotz, Norman L. Johnson ; associate editor, Campbell B. Read</subfield>
  </datafield>
  <datafield tag="260" ind1=" " ind2=" ">
   <subfield code="a">New York :</subfield>
   <subfield code="b">Wiley,</subfield>
   <subfield code="c">1982-1989</subfield>
  </datafield>
  <datafield tag="300" ind1=" " ind2=" ">
   <subfield code="a">9 v. :</subfield>
   <subfield code="b">ill. ;</subfield>
   <subfield code="c">27 cm.</subfield>
  </datafield>
  <datafield tag="504" ind1=" " ind2=" ">
   <subfield code="a">Includes bibliographical references and index</subfield>
  </datafield>
  <datafield tag="650" ind1=" " ind2="4">
   <subfield code="a">Mathematical statistics</subfield>
   <subfield code="x">Encyclopedias.</subfield>
  </datafield>
  <datafield tag="700" ind1="1" ind2=" ">
   <subfield code="a">Kotz, Samuel,</subfield>
   <subfield code="e">ed.</subfield>
  </datafield>
  <datafield tag="700" ind1="1" ind2=" ">
   <subfield code="a">Johnson, Norman Lloyd,</subfield>
   <subfield code="e">ed.</subfield>
  </datafield>
  <datafield tag="700" ind1="1" ind2=" ">
   <subfield code="a">Read, Campbell B.</subfield>
   <subfield code="e">ed.</subfield>
  </datafield>
  <datafield tag="852" ind1=" " ind2=" ">
   <subfield code="a">INST</subfield>
   <subfield code="b">UNIPILB</subfield>
   <subfield code="c">REF</subfield>
   <subfield code="e">20040709</subfield>
   <subfield code="h">519.5'03 EN</subfield>
   <subfield code="p">00139024</subfield>
   <subfield code="q">00139024</subfield>
   <subfield code="t">NOLOAN</subfield>
   <subfield code="v">v.1:</subfield>
   <subfield code="y">23</subfield>
   <subfield code="z">v.1</subfield>
   <subfield code="4">1</subfield>
  </datafield>
  <datafield tag="852" ind1=" " ind2=" ">
   <subfield code="a">INST</subfield>
   <subfield code="b">UNIPILB</subfield>
   <subfield code="c">REF</subfield>
   <subfield code="e">20040709</subfield>
   <subfield code="h">519.5'03 EN</subfield>
   <subfield code="p">00139025</subfield>
   <subfield code="q">00139025</subfield>
   <subfield code="t">NOLOAN</subfield>
   <subfield code="v">v.2:</subfield>
   <subfield code="y">23</subfield>
   <subfield code="z">v.2</subfield>
   <subfield code="4">1</subfield>
  </datafield>
  <datafield tag="852" ind1=" " ind2=" ">
   <subfield code="a">INST</subfield>
   <subfield code="b">UNIPILB</subfield>
   <subfield code="c">REF</subfield>
   <subfield code="e">20040709</subfield>
   <subfield code="h">519.5'03 EN</subfield>
   <subfield code="p">00139026</subfield>
   <subfield code="q">00139026</subfield>
   <subfield code="t">NOLOAN</subfield>
   <subfield code="v">v.3:</subfield>
   <subfield code="y">23</subfield>
   <subfield code="z">v.3</subfield>
   <subfield code="4">1</subfield>
  </datafield>
  <datafield tag="852" ind1=" " ind2=" ">
   <subfield code="a">INST</subfield>
   <subfield code="b">UNIPILB</subfield>
   <subfield code="c">REF</subfield>
   <subfield code="e">20040709</subfield>
   <subfield code="h">519.5'03 EN</subfield>
   <subfield code="p">00139027</subfield>
   <subfield code="q">00139027</subfield>
   <subfield code="t">NOLOAN</subfield>
   <subfield code="v">v.4:</subfield>
   <subfield code="y">23</subfield>
   <subfield code="z">v.4</subfield>
   <subfield code="4">1</subfield>
  </datafield>
  <datafield tag="852" ind1=" " ind2=" ">
   <subfield code="a">INST</subfield>
   <subfield code="b">UNIPILB</subfield>
   <subfield code="c">REF</subfield>
   <subfield code="e">20040709</subfield>
   <subfield code="h">519.5'03 EN</subfield>
   <subfield code="p">00139028</subfield>
   <subfield code="q">00139028</subfield>
   <subfield code="t">NOLOAN</subfield>
   <subfield code="v">v.5:</subfield>
   <subfield code="y">23</subfield>
   <subfield code="z">v.5</subfield>
   <subfield code="4">1</subfield>
  </datafield>
  <datafield tag="852" ind1=" " ind2=" ">
   <subfield code="a">INST</subfield>
   <subfield code="b">UNIPILB</subfield>
   <subfield code="c">REF</subfield>
   <subfield code="e">20040709</subfield>
   <subfield code="h">519.5'03 EN</subfield>
   <subfield code="p">00139029</subfield>
   <subfield code="q">00139029</subfield>
   <subfield code="t">NOLOAN</subfield>
   <subfield code="v">v.6:</subfield>
   <subfield code="y">23</subfield>
   <subfield code="z">v.6</subfield>
   <subfield code="4">1</subfield>
  </datafield>
  <datafield tag="852" ind1=" " ind2=" ">
   <subfield code="a">INST</subfield>
   <subfield code="b">UNIPILB</subfield>
   <subfield code="c">REF</subfield>
   <subfield code="e">20040709</subfield>
   <subfield code="h">519.5'03 EN</subfield>
   <subfield code="p">00139030</subfield>
   <subfield code="q">00139030</subfield>
   <subfield code="t">NOLOAN</subfield>
   <subfield code="v">v.7:</subfield>
   <subfield code="y">23</subfield>
   <subfield code="z">v.7</subfield>
   <subfield code="4">1</subfield>
  </datafield>
  <datafield tag="852" ind1=" " ind2=" ">
   <subfield code="a">INST</subfield>
   <subfield code="b">UNIPILB</subfield>
   <subfield code="c">REF</subfield>
   <subfield code="e">20040709</subfield>
   <subfield code="h">519.5'03 EN</subfield>
   <subfield code="p">00139031</subfield>
   <subfield code="q">00139031</subfield>
   <subfield code="t">NOLOAN</subfield>
   <subfield code="v">v.8:</subfield>
   <subfield code="y">23</subfield>
   <subfield code="z">v.8</subfield>
   <subfield code="4">1</subfield>
  </datafield>
  <datafield tag="852" ind1=" " ind2=" ">
   <subfield code="a">INST</subfield>
   <subfield code="b">UNIPILB</subfield>
   <subfield code="c">REF</subfield>
   <subfield code="e">20040709</subfield>
   <subfield code="h">519.5'03 EN</subfield>
   <subfield code="p">00139032</subfield>
   <subfield code="q">00139032</subfield>
   <subfield code="t">NOLOAN</subfield>
   <subfield code="v">v.9:</subfield>
   <subfield code="y">23</subfield>
   <subfield code="z">v.9</subfield>
   <subfield code="4">1</subfield>
  </datafield>
  <datafield tag="856" ind1="4" ind2=" ">
   <subfield code="d">/webopac/covers/01/22269_0471055468.jpg</subfield>
   <subfield code="z">(v. 1)</subfield>
  </datafield>
  <datafield tag="856" ind1="4" ind2=" ">
   <subfield code="d">/webopac/covers/01/22269_0471055476.jpg</subfield>
   <subfield code="z">(v. 2)</subfield>
  </datafield>
  <datafield tag="856" ind1="4" ind2=" ">
   <subfield code="d">/webopac/covers/01/22269_0471055492.jpg</subfield>
   <subfield code="z">(v. 3)</subfield>
  </datafield>
  <datafield tag="856" ind1="4" ind2=" ">
   <subfield code="d">/webopac/covers/01/22269_0471055514.jpg</subfield>
   <subfield code="z">(v. 4)</subfield>
  </datafield>
  <datafield tag="856" ind1="4" ind2=" ">
   <subfield code="d">/webopac/covers/01/22269_0471055522.jpg</subfield>
   <subfield code="z">(v. 5)</subfield>
  </datafield>
  <datafield tag="856" ind1="4" ind2=" ">
   <subfield code="d">/webopac/covers/01/22269_0471055530.jpg</subfield>
   <subfield code="z">(v. 6)</subfield>
  </datafield>
  <datafield tag="856" ind1="4" ind2=" ">
   <subfield code="d">/webopac/covers/01/22269_0471055557.jpg</subfield>
   <subfield code="z">(v. 7)</subfield>
  </datafield>
  <datafield tag="856" ind1="4" ind2=" ">
   <subfield code="d">/webopac/covers/01/22269_0471055565.jpg</subfield>
   <subfield code="z">(v. 8)</subfield>
  </datafield>
  <datafield tag="856" ind1="4" ind2=" ">
   <subfield code="d">/webopac/covers/01/22269_0471854743.jpg</subfield>
   <subfield code="z">(v. 9)</subfield>
  </datafield>
  <datafield tag="856" ind1="4" ind2=" ">
   <subfield code="d">/webopac/covers/01/22269_0471812749.jpg</subfield>
   <subfield code="z">(suppl. vol.)</subfield>
  </datafield>
 </record>
</collection>
